[Event "ICS Rated blitz match"]
[Site "204.178.125.65"]
[Date "2000.07.27"]
[Round "?"]
[White "Hossa"]
[Black "Dorky"]
[Result "1-0"]
[WhiteElo "2490"]
[BlackElo "2324"]
[PlyCount "133"]
[EventDate "2000.??.??"]

1. e4 c5 2. Nf3 Nc6 3. Bb5 g6 4. O-O Bg7 5. Bxc6 dxc6 6. d3 Bg4 7. h3 Bxf3 8.
Qxf3 e5 9. Nc3 h5 10. a4 Qd6 11. a5 Nf6 12. Bg5 O-O 13. Qe3 Qd4 14. a6 b6 15.
Qf3 Qd6 16. Qe2 Rfd8 17. f4 Qd4+ 18. Kh1 exf4 19. Qf3 Re8 20. Qxf4 Re6 21. Bh4
Qb4 22. Ra2 Qd4 23. Ra4 Qd7 24. Nd1 b5 25. Ra1 c4 26. Nf2 cxd3 27. cxd3 Qd4 28.
Qc7 Qxb2 29. Qb7 Ree8 30. Rab1 Qd4 31. Qxc6 b4 32. Qb7 Rab8 33. Qc7 Rec8 34.
Qf4 Rb6 35. Rbc1 Rxc1 36. Qxc1 Qc3 37. Qf4 Rxa6 38. Qb8+ Bf8 39. Qd8 Rd6 40.
Qb8 Qc5 41. Bg3 Re6 42. Bh2 a5 43. Qa8 Qb6 44. e5 Nd7 45. Qd5 Qc7 46. d4 a4 47.
Qf3 Qc4 48. Nd3 Re7 49. Bg1 b3 50. Nf4 Nxe5 51. dxe5 Rxe5 52. Nxg6 Re8 53. Nf4
Re5 54. Nd3 Re7 55. Nb2 Qb5 56. Qf6 a3 57. Bd4 Qxf1+ 58. Qxf1 axb2 59. Bxb2 Re3
60. Qf6 Re1+ 61. Kh2 Bd6+ 62. Qxd6 Rf1 63. Qd5 Rd1 64. Qg5+ Kf8 65. Ba3+ Rd6
66. Bxd6+ Ke8 67. Qe7# {Dorky checkmated} 1-0

[Event "ICS rated blitz match"]
[Site "204.178.125.65"]
[Date "2000.07.27"]
[Round "?"]
[White "harimau"]
[Black "Hossa"]
[Result "1-0"]
[WhiteElo "2831"]
[BlackElo "2499"]
[PlyCount "46"]
[EventDate "2000.??.??"]

1. e4 c5 2. Nc3 Nc6 3. g3 g6 4. Bg2 Bg7 5. d3 e5 6. f4 d6 7. Nf3 Nge7 8. O-O
O-O 9. Be3 exf4 10. Bxf4 f5 11. Qd2 c4 12. Rf2 Qb6 13. Rb1 cxd3 14. Qxd3 Ne5
15. Nxe5 dxe5 16. Be3 Qe6 17. Bc5 fxe4 18. Rxf8+ Bxf8 19. Qd8 Qd7 20. Rd1 Qxd8
21. Rxd8 Kf7 22. Nxe4 Kg7 23. Bd6 a6 {Hossa resigns} 1-0

[Event "ICS Rated standard match"]
[Site "204.178.125.65"]
[Date "2000.07.27"]
[Round "?"]
[White "Hossa"]
[Black "bighitter"]
[Result "1-0"]
[WhiteElo "2188"]
[BlackElo "2020"]
[PlyCount "22"]
[EventDate "2000.??.??"]

1. c4 b6 2. Nc3 e6 3. d4 Bb7 4. e4 Bb4 5. Qg4 Nf6 6. Qxg7 Rg8 7. Qh6 Rg6 8. Qh3
Nxe4 9. Nge2 d5 10. a3 Bxc3+ 11. bxc3 Nd7 1-0

[Event "ICS rated blitz match"]
[Site "204.178.125.65"]
[Date "2000.07.27"]
[Round "?"]
[White "Hossa"]
[Black "Tinker"]
[Result "1-0"]
[WhiteElo "2495"]
[BlackElo "2593"]
[PlyCount "135"]
[EventDate "2000.??.??"]

1. e4 d5 2. exd5 Qxd5 3. d4 e5 4. dxe5 Qxd1+ 5. Kxd1 Nc6 6. Bf4 Bf5 7. Nd2
O-O-O 8. Bc4 Bc5 9. Bxf7 Bxf2 10. Ngf3 Nd4 11. Bg5 Rf8 12. Bb3 Nxb3 13. Nxb3 h6
14. Bh4 Bxh4 15. Nxh4 Bg4+ 16. Ke1 Re8 17. Kf2 g5 18. Nf3 Ne7 19. h4 gxh4 20.
Nxh4 Nc6 21. Ng6 Rhg8 22. Nf4 Rxe5 23. Rxh6 Rf8 24. Kg3 Bd7 25. Rh4 Rg8+ 26.
Kf2 Rf5 27. Rd1 Rff8 28. g3 Bg4 29. Rd2 Ne5 30. Rh7 Nc4 31. Rd5 Nxb2 32. Re7
Rh8 33. Rc5 Bd7 34. Nd4 Kd8 35. Rg7 c6 36. Ra5 a6 37. Re5 Re8 38. Ng6 Rh2+ 39.
Kf3 Nc4 40. Rxe8+ Kxe8 41. g4 Rd2 42. Re7+ Kd8 43. Nb3 Rxc2 44. Rh7 Be8 45. Nf4
Ne5+ 46. Kg3 Bd7 47. Nd4 Rxa2 48. Nfe6+ Ke8 49. Nc7+ Kf8 50. Nde6+ Kg8 51. Rg7+
Kh8 52. g5 Bxe6 53. Nxe6 Ra3+ 54. Kg2 c5 55. Rxb7 Ra2+ 56. Kg3 c4 57. Rc7 Ra1
58. Kf4 Nd3+ 59. Kf5 Kg8 60. g6 Rf1+ 61. Kg5 Rg1+ 62. Kf6 Rf1+ 63. Ke7 Rf8 64.
Nxf8 Nb4 65. Rxc4 a5 66. Ne6 Nd5+ 67. Kd6 Nb6 68. Rc6 {Tinker resigns} 1-0

[Event "ICS rated blitz match"]
[Site "204.178.125.65"]
[Date "2000.07.27"]
[Round "?"]
[White "Tinker"]
[Black "Hossa"]
[Result "0-1"]
[WhiteElo "2573"]
[BlackElo "2515"]
[PlyCount "126"]
[EventDate "2000.??.??"]

1. e4 e6 2. d4 d5 3. Nc3 Bb4 4. e5 Ne7 5. Bd2 O-O 6. a3 Bxc3 7. Bxc3 f6 8. Nf3
fxe5 9. Nxe5 Nbc6 10. Bd3 Nxe5 11. dxe5 Bd7 12. Qh5 Nf5 13. O-O c5 14. a4 Be8
15. Qg4 Bg6 16. b4 b6 17. bxc5 bxc5 18. a5 Qc7 19. Rfe1 Qf7 20. Rab1 Ne7 21.
Qg3 Bxd3 22. cxd3 Rab8 23. Rxb8 Rxb8 24. Rc1 Qh5 25. Kh1 Qe2 26. Qe3 Qxe3 27.
fxe3 Rb5 28. a6 Rb6 29. Ba5 Rxa6 30. Rxc5 Nf5 31. e4 dxe4 32. dxe4 Ne7 33. Kg1
Rc6 34. Bb4 Rxc5 35. Bxc5 Nc6 36. Bd6 a5 37. Kf2 Kf7 38. Ke2 Kg6 39. Kd3 Kg5
40. g3 Kg4 41. Kc4 Kh3 42. Kc5 Nb4 43. Bf8 Nc2 44. Bxg7 a4 45. Kc4 Kxh2 46. Kc3
Ne3 47. Bh6 Nd1+ 48. Kc2 Nf2 49. Bf4 Kh3 50. Kb2 Nxe4 51. Kb1 Kg4 52. Kb2 h5
53. Be3 Kxg3 54. Kc2 h4 55. Kb2 h3 56. Bg1 Kg2 57. Bh2 Kxh2 58. Ka2 Nc3+ 59.
Ka1 Kg2 60. Kb2 Kg3 61. Kc2 a3 62. Kb3 a2 63. Ka3 a1=Q+ {Tinker resigns} 0-1

[Event "ICS rated blitz match"]
[Site "204.178.125.65"]
[Date "2000.07.27"]
[Round "?"]
[White "Hossa"]
[Black "Tinker"]
[Result "1/2-1/2"]
[WhiteElo "2534"]
[BlackElo "2554"]
[PlyCount "213"]
[EventDate "2000.??.??"]

1. e4 d5 2. exd5 Qxd5 3. d4 e5 4. dxe5 Qxe5+ 5. Be2 Bg4 6. Nc3 Nc6 7. Qd5 Bxe2
8. Qxe5+ Nxe5 9. Ngxe2 O-O-O 10. Bf4 f6 11. O-O Nh6 12. Bxh6 gxh6 13. Rfd1 Rg8
14. Rxd8+ Kxd8 15. Rd1+ Kc8 16. Nd5 Nd7 17. g3 c6 18. Ndf4 Ne5 19. Ne6 Be7 20.
Kg2 Nc4 21. b3 Na3 22. c4 Nc2 23. N2d4 Nxd4 24. Rxd4 Rg6 25. Rd2 f5 26. Re2 Rf6
27. Ng7 Kd7 28. f3 Bf8 29. Nh5 Re6 30. Rxe6 Kxe6 31. h3 Bd6 32. Ng7+ Ke5 33.
f4+ Ke4 34. Ne6 Be7 35. Kf2 b6 36. Ke2 a6 37. Nc7 a5 38. Ne6 b5 39. a4 bxa4 40.
bxa4 h5 41. h4 h6 42. Kd1 Kf3 43. Nd4+ Kg4 44. Nxc6 Ba3 45. Nxa5 Bc5 46. Nc6
Kxg3 47. Ke2 Kxf4 48. a5 Kg3 49. Kf1 Kxh4 50. a6 Kg3 51. a7 Bxa7 52. Nxa7 Kf4
53. c5 Ke5 54. c6 Kd6 55. Kg2 Kc7 56. Kf2 Kb6 57. Nc8+ Kxc6 58. Ne7+ Kc7 59.
Nxf5 Kb6 60. Kg3 h4+ 61. Kh3 h5 62. Ne3 Kc7 63. Nc4 Kd8 64. Nd2 Ke8 65. Nf3 Kf8
66. Ng5 Kg8 67. Ne6 Kh8 68. Kg2 h3+ 69. Kh2 h4 70. Nd4 Kg8 71. Nf3 Kh8 72. Ne5
Kg8 73. Nc4 Kh8 74. Nd6 Kg8 75. Kg1 h2+ 76. Kh1 h3 77. Nf5 Kh8 78. Ne7 Kh7 79.
Nc8 Kh8 80. Nb6 Kg8 81. Nd5 Kh8 82. Nf6 Kg7 83. Ne4 Kh8 84. Nc5 Kg8 85. Ne6 Kh8
86. Nd4 Kg8 87. Nc6 Kh8 88. Ne5 Kg8 89. Nf3 Kh8 90. Ne1 Kg8 91. Kxh2 Kf7 92.
Nd3 Kg8 93. Nf4 Kh8 94. Ne6 Kh7 95. Nc5 Kh8 96. Nd7 Kg8 97. Ne5 Kg7 98. Nd7 Kh8
99. Ne5 Kg8 100. Nc6 Kh8 101. Ne7 Kh7 102. Nf5 Kh8 103. Nd6 Kg8 104. Nf5 Kh8
105. Nd6 Kg8 106. Nf5 Kh8 107. Nd6 1/2-1/2

[Event "ICS rated blitz match"]
[Site "204.178.125.65"]
[Date "2000.07.27"]
[Round "?"]
[White "Hossa"]
[Black "LeTiger"]
[Result "0-1"]
[WhiteElo "2535"]
[BlackElo "2874"]
[PlyCount "162"]
[EventDate "2000.??.??"]

1. d4 d5 2. Nf3 Nf6 3. e3 Bf5 4. Bd3 Bxd3 5. Qxd3 Nbd7 6. Bd2 Nb6 7. Nc3 e6 8.
e4 dxe4 9. Nxe4 Nxe4 10. Qxe4 Qd5 11. Qxd5 Nxd5 12. Ke2 Bd6 13. c4 Nf4+ 14.
Bxf4 Bxf4 15. g3 Bd6 16. a3 O-O 17. b4 c6 18. h4 Rfd8 19. h5 a5 20. bxa5 Rxa5
21. c5 Be7 22. Rhb1 Rd7 23. Rb3 e5 24. Nxe5 Rxd4 25. Nd3 Rd7 26. Rab1 Ra7 27.
Kf1 Bf6 28. Kg2 h6 29. Nf4 Kf8 30. Re1 Rd2 31. Re4 Rb2 32. Rxb2 Bxb2 33. a4 Ba3
34. Nd3 Ra5 35. Rc4 g6 36. hxg6 fxg6 37. Ne5 g5 38. g4 Ke7 39. Re4 Kf6 40. Nd7+
Kf7 41. Ne5+ Kg8 42. Nd7 Bxc5 43. Re8+ Kf7 44. Rb8 Ba7 45. Rxb7 Ke6 46. Nf8+
Kd5 47. Rd7+ Kc4 48. Ng6 Rxa4 49. Ne5+ Kb5 50. Rb7+ Kc5 51. Nd3+ Kd4 52. Rb4+
Rxb4 53. Nxb4 Kc5 54. Nd3+ Kb5 55. Ne5 c5 56. Kf3 c4 57. Ke2 Bd4 58. Nf7 Ka4
59. Nd6 Kb3 60. Ne4 Kc2 61. Nd6 c3 62. Nc4 Bc5 63. f3 Bd4 64. Na5 Kb1 65. Nb3
c2 66. Kd3 Kb2 67. Nxd4 c1=Q 68. Ke4 Qd2 69. Ke5 Qe3+ 70. Kd5 Kc3 71. Nb5+ Kd3
72. f4 gxf4 73. Na3 Qe4+ 74. Kc5 Qe7+ 75. Kd5 Qxa3 76. Kc6 f3 77. Kb7 f2 78.
Kc6 f1=Q 79. Kd7 Qf7+ 80. Kc6 Qa6+ 81. Kc5 Qfc4# {Hossa checkmated} 0-1

[Event "ICS rated blitz match"]
[Site "204.178.125.65"]
[Date "2000.07.27"]
[Round "?"]
[White "LeTiger"]
[Black "Hossa"]
[Result "1-0"]
[WhiteElo "2878"]
[BlackElo "2531"]
[PlyCount "119"]
[EventDate "2000.??.??"]

1. e4 e6 2. d4 d6 3. Nc3 Nf6 4. Nf3 Be7 5. Bb5+ c6 6. Bd3 Nbd7 7. O-O e5 8. a3
exd4 9. Nxd4 Nc5 10. f3 Nxd3 11. Qxd3 O-O 12. Bg5 Kh8 13. Rfe1 Re8 14. Rad1 Qc7
15. Qc4 Bd8 16. Bxf6 Bxf6 17. Nd5 Bxd4+ 18. Rxd4 Qd8 19. Ne3 Be6 20. Qc3 Qe7
21. Red1 Rad8 22. Qa5 b5 23. R4d3 f5 24. Nxf5 Bxf5 25. exf5 d5 26. a4 Qc5+ 27.
Kf1 Qxc2 28. axb5 cxb5 29. Qxb5 Rb8 30. Qxd5 Qe2+ 31. Kg1 Rxb2 32. R3d2 Qe3+
33. Kf1 Rxd2 34. Qxd2 Qb3 35. Qd4 Kg8 36. Qd5+ Qxd5 37. Rxd5 Re7 38. Ra5 Rc7
39. g4 h6 40. h4 h5 41. Kf2 hxg4 42. fxg4 Rb7 43. g5 Kf8 44. h5 Kg8 45. g6 Kf8
46. f6 gxf6 47. h6 Kg8 48. Kf3 Kf8 49. Kg4 Rb4+ 50. Kf5 Rb7 51. Rc5 Rb3 52. g7+
Ke7 53. g8=Q Rf3+ 54. Ke4 f5+ 55. Kxf3 Kd6 56. Rd5+ Kc7 57. Qf7+ Kb6 58. Qe6+
Kb7 59. Rd7+ Kc8 60. Qe8# {Hossa checkmated} 1-0

[Event "ICS rated standard match"]
[Site "204.178.125.65"]
[Date "2000.07.27"]
[Round "?"]
[White "jyq"]
[Black "Hossa"]
[Result "0-1"]
[WhiteElo "2273"]
[BlackElo "2191"]
[PlyCount "73"]
[EventDate "2000.??.??"]

1. d4 Nf6 2. c4 g6 3. Nc3 d5 4. cxd5 Nxd5 5. e4 Nxc3 6. bxc3 c5 7. Be3 Bg7 8.
Qd2 cxd4 9. cxd4 Nc6 10. Rd1 O-O 11. Nf3 Qd6 12. Be2 f5 13. e5 Qb4 14. Qxb4
Nxb4 15. Bc4+ e6 16. Ng5 Re8 17. h4 h6 18. Nh3 Bd7 19. O-O Rac8 20. Rc1 b5 21.
Bb3 Nd3 22. Rxc8 Rxc8 23. Rd1 Nb2 24. Rb1 Nc4 25. Nf4 g5 26. Nh3 gxh4 27. Nf4
a5 28. Nd3 Nxe3 29. fxe3 a4 30. Bd1 Bf8 31. Nf4 Rc3 32. Kf2 Be7 33. d5 Bc5 34.
dxe6 Bc6 35. e7 Bxe3+ 36. Kf1 Bxf4 37. Bh5 {jyq resigns} 0-1

[Event "ICS Rated standard match"]
[Site "204.178.125.65"]
[Date "2000.07.27"]
[Round "?"]
[White "Hossa"]
[Black "Andromeda"]
[Result "0-1"]
[WhiteElo "2207"]
[BlackElo "2088"]
[PlyCount "98"]
[EventDate "2000.??.??"]

1. e4 c5 2. Nc3 Nc6 3. g3 g6 4. Bg2 Bg7 5. d3 d6 6. f4 e6 7. Nf3 Nge7 8. O-O
O-O 9. Be3 Nd4 10. e5 Nef5 11. Bf2 Nxf3+ 12. Qxf3 Nd4 13. Qd1 dxe5 14. fxe5
Bxe5 15. Ne4 f5 16. Nxc5 Qc7 17. b4 f4 18. gxf4 Rxf4 19. c3 Rxf2 20. Kxf2 Nf5
21. Qa4 Bxc3 22. Qe8+ Kg7 23. Kg1 Qe5 24. Nb3 Bxa1 25. Rxa1 Qe3+ 26. Kh1 Qxd3
27. Nc5 Qd6 28. Re1 Qd2 29. Rf1 Qh6 30. Nxe6+ Bxe6 31. Qxe6 Qe3 32. Qd7+ Kh6
33. Qxb7 Rd8 34. Qf7 Qg5 35. Qxa7 Ne3 36. Rg1 Qf4 37. Qa3 Rd2 38. Rf1 Rf2 39.
Qc1 Nxf1 40. Qxf4+ Rxf4 41. Bc6 Ne3 42. h3 Kg5 43. a3 Kh4 44. Bb5 Rf2 45. a4
Kg3 46. a5 Rh2+ 47. Kg1 Rg2+ 48. Kh1 Nd1 49. Bc6 Nf2# {Hossa checkmated} 0-1

[Event "ICS rated blitz match"]
[Site "204.178.125.65"]
[Date "2000.07.27"]
[Round "?"]
[White "PostModernist"]
[Black "Hossa"]
[Result "0-1"]
[WhiteElo "2735"]
[BlackElo "2527"]
[PlyCount "150"]
[EventDate "2000.??.??"]

1. e4 e6 2. d4 d5 3. Nc3 Bb4 4. e5 Ne7 5. a3 Bxc3+ 6. bxc3 c5 7. Qg4 Ng6 8. Bd3
Nc6 9. h4 Qa5 10. Bd2 cxd4 11. cxd4 Qa4 12. Nf3 O-O 13. Kd1 Ncxe5 14. Nxe5 Nxe5
15. Bxh7+ Kxh7 16. Qh5+ Kg8 17. Qxe5 Qc4 18. h5 f6 19. Qf4 e5 20. dxe5 Qxf4 21.
Bxf4 fxe5 22. Bg3 Rf6 23. Rb1 b6 24. Ke1 Ba6 25. Rd1 Bc4 26. Rh4 Re8 27. Kd2
Re7 28. Rdh1 Ree6 29. Rg4 Kf8 30. Bh4 Rf5 31. Rg5 Rf4 32. Bg3 Rd4+ 33. Kc1 Re4
34. f3 Re3 35. Kb2 d4 36. Be1 a5 37. Bd2 Re2 38. Kc1 Rc6 39. Kd1 d3 40. cxd3
Bxd3 41. Re1 Rf2 42. Re3 Rd6 43. Rgxe5 Bc4 44. Re2 Bxe2+ 45. Rxe2 Rf1+ 46. Re1
Rxe1+ 47. Kxe1 Rd3 48. Bc1 Kf7 49. Ke2 Rb3 50. Kd2 Rb5 51. g4 Rb3 52. g5 Rxf3
53. h6 Rh3 54. Ke2 b5 55. Be3 b4 56. axb4 axb4 57. hxg7 b3 58. Bd4 b2 59. Bxb2
Rh2+ 60. Kd3 Rxb2 61. g8=Q+ Kxg8 62. Ke4 Rg2 63. Kf3 Rxg5 64. Kf4 Rh5 65. Ke4
Kf7 66. Kd4 Ke6 67. Kc4 Rd5 68. Kc3 Kd6 69. Kc4 Kc6 70. Kc3 Kb5 71. Kb2 Kc4 72.
Kc2 Kb4 73. Kb2 Rc5 74. Ka2 Kc3 75. Kb1 Ra5 0-1

[Event "ICS rated blitz match"]
[Site "204.178.125.65"]
[Date "2000.07.27"]
[Round "?"]
[White "Hossa"]
[Black "Dorky"]
[Result "1/2-1/2"]
[WhiteElo "2552"]
[BlackElo "2355"]
[PlyCount "85"]
[EventDate "2000.??.??"]

1. e4 e5 2. Nc3 Nc6 3. Bc4 Nf6 4. d3 Na5 5. Nge2 Nxc4 6. dxc4 Be7 7. Qd3 O-O 8.
O-O d6 9. Nd5 Be6 10. Nxe7+ Qxe7 11. Bg5 h6 12. Bh4 a6 13. Nc3 a5 14. Nd5 Bxd5
15. cxd5 g5 16. Bg3 Nxe4 17. Qxe4 f5 18. Qd3 f4 19. Qg6+ Qg7 20. Qe6+ Kh8 21.
Qg4 e4 22. Qh5 fxg3 23. hxg3 Kg8 24. Rae1 Rae8 25. Re3 Qxb2 26. Qxh6 Qe5 27.
Rb3 Rf6 28. Qh5 a4 29. Rxb7 Rf7 30. c4 e3 31. Qg6+ Kf8 32. Qd3 exf2+ 33. Rxf2
Rxf2 34. Kxf2 g4 35. Qd2 Kg8 36. Rxc7 Rf8+ 37. Kg1 Qa1+ 38. Kh2 Qh8+ 39. Kg1
Qa1+ 40. Kh2 Qh8+ 41. Kg1 Qa1+ 42. Kh2 Qh8+ 43. Kg1 1/2-1/2

[Event "ICS rated standard match"]
[Site "204.178.125.65"]
[Date "2000.07.27"]
[Round "?"]
[White "Hossa"]
[Black "middie"]
[Result "1-0"]
[WhiteElo "2189"]
[BlackElo "2048"]
[PlyCount "115"]
[EventDate "2000.??.??"]

1. e4 e6 2. d4 d5 3. Nc3 Nf6 4. Bg5 Be7 5. e5 Nfd7 6. h4 Bxg5 7. hxg5 Qxg5 8.
Nf3 Qe7 9. Qd2 Nc6 10. O-O-O Nb6 11. Qg5 Qxg5+ 12. Nxg5 h6 13. Nb5 O-O 14. Nf3
a6 15. Nxc7 Rb8 16. Kb1 Bd7 17. b3 Rbc8 18. Nxa6 bxa6 19. Bxa6 Ra8 20. Bb7 Ra7
21. Bxc6 Bxc6 22. Kb2 Rb8 23. Rd3 Bb5 24. Re3 Be8 25. Ree1 Nc4+ 26. Kc3 Na3 27.
Rc1 Rc7+ 28. Kb2 Nb5 29. Ra1 Nc3 30. Ne1 Bb5 31. Rh3 Ne4 32. a4 Ba6 33. f3 Nc3
34. Rh4 Kh7 35. Ka3 g5 36. Rh2 Ne2 37. Rd1 Kg6 38. g4 Nc3 39. Ra1 Bc8 40. Nd3
Nxa4 41. bxa4 Rc3+ 42. Ka2 Ba6 43. Nb2 Rxf3 44. Rg1 Rc3 45. Kb1 Rc7 46. Rgh1
Rcb7 47. Rxh6+ Kg7 48. Rh7+ Kf8 49. Rh8+ Ke7 50. Rxb8 Rxb8 51. Rh5 Rg8 52. Rh2
Rb8 53. Kc1 Bc4 54. Rh5 Rg8 55. Nxc4 dxc4 56. Kb2 Ra8 57. Ka3 f6 58. Rh7+ {
middie resigns} 1-0

[Event "ICS Rated standard match"]
[Site "204.178.125.65"]
[Date "2000.07.27"]
[Round "?"]
[White "salzi"]
[Black "Hossa"]
[Result "0-1"]
[WhiteElo "1941"]
[BlackElo "2199"]
[PlyCount "28"]
[EventDate "2000.??.??"]

1. d4 Nf6 2. c4 g6 3. Nc3 d5 4. Qb3 dxc4 5. Qxc4 Be6 6. Qd3 Nc6 7. Nf3 Qd7 8.
a3 O-O-O 9. e3 Bg4 10. Qc2 Bxf3 11. gxf3 e5 12. dxe5 Nxe5 13. f4 Nf3+ 14. Ke2
Qg4 0-1

[Event "ICS rated standard match"]
[Site "204.178.125.65"]
[Date "2000.07.27"]
[Round "?"]
[White "Ivanov2000"]
[Black "Hossa"]
[Result "0-1"]
[WhiteElo "2113"]
[BlackElo "2200"]
[PlyCount "66"]
[EventDate "2000.??.??"]

1. f3 Nc6 2. d3 e5 3. g3 d5 4. Bg2 Nf6 5. Nd2 d4 6. c4 Be7 7. Nf1 O-O 8. a3 a5
9. Nh3 a4 10. Nf2 Be6 11. Nd2 Re8 12. O-O Bc8 13. Re1 Nd7 14. Nf1 Nc5 15. e4
dxe3 16. Nxe3 Nb3 17. Rb1 Nxc1 18. Rxc1 Nd4 19. Nd5 Bc5 20. Kf1 Nb3 21. Rc2 f6
22. Ne4 Bd4 23. Qe2 Ba7 24. f4 Nd4 25. Qh5 Nxc2 26. Nexf6+ gxf6 27. Nxf6+ Qxf6
28. Qxe8+ Kg7 29. Rxe5 Bf5 30. Qxa8 Bxd3+ 31. Re2 Qe6 32. Bf3 Bxe2+ 33. Bxe2
Qh3# 0-1

[Event "ICS Rated standard match"]
[Site "204.178.125.65"]
[Date "2000.07.27"]
[Round "?"]
[White "Hossa"]
[Black "manhu"]
[Result "1-0"]
[WhiteElo "2212"]
[BlackElo "1903"]
[PlyCount "43"]
[EventDate "2000.??.??"]

1. e4 e5 2. Nf3 Nc6 3. Bb5 d6 4. d4 Bg4 5. d5 a6 6. Ba4 b5 7. dxc6 bxa4 8. c4
Bxf3 9. gxf3 Ne7 10. Qxa4 Ra7 11. Nc3 Qb8 12. Rb1 Ra8 13. Be3 Nc8 14. Nd5 Be7
15. Rg1 g6 16. c5 Kf8 17. Bh6+ Kg8 18. cxd6 cxd6 19. b4 f6 20. Qb3 Kf7 21. Nc7+
d5 22. Qxd5# {manhu checkmated} 1-0

[Event "ICS rated blitz match"]
[Site "204.178.125.65"]
[Date "2000.07.27"]
[Round "?"]
[White "Hossa"]
[Black "Tinker"]
[Result "1-0"]
[WhiteElo "2544"]
[BlackElo "2553"]
[PlyCount "111"]
[EventDate "2000.??.??"]

1. c4 e5 2. Nc3 d6 3. g3 Nc6 4. Bg2 Nf6 5. d3 Bg4 6. Nf3 Be7 7. O-O O-O 8. h3
Be6 9. Bd2 Qd7 10. Ng5 Bf5 11. g4 Bg6 12. Nf3 Ne8 13. Qb3 Na5 14. Qb5 Qxb5 15.
cxb5 c5 16. Nd5 Bd8 17. b4 cxb4 18. Bxb4 Rb8 19. Rac1 a6 20. bxa6 bxa6 21. Bxa5
Bxa5 22. Ne7+ Kh8 23. Nc6 Rb2 24. Nxa5 Rxa2 25. Nc4 Rxe2 26. Rc3 e4 27. Nd4
exd3 28. Nxe2 dxe2 29. Re1 f5 30. Rxe2 fxg4 31. hxg4 Rf4 32. Rf3 Rxf3 33. Bxf3
Kg8 34. Rd2 Kf8 35. Nxd6 h6 36. Nb7 Nc7 37. Nc5 Be8 38. Rd8 Ke7 39. Rc8 Nb5 40.
Nxa6 Nd4 41. Kg2 Bd7 42. Rc4 Nxf3 43. Kxf3 g6 44. Nb8 Be6 45. Rc7+ Kf6 46. Nd7+
Ke7 47. Nc5+ Kd6 48. Nxe6 g5 49. Rh7 Kxe6 50. Ke4 Kd6 51. f4 h5 52. Rd7+ Kc6
53. gxh5 g4 54. h6 g3 55. h7 Kxd7 56. Kf3 {Tinker resigns} 1-0

[Event "ICS rated standard match"]
[Site "204.178.125.65"]
[Date "2000.07.27"]
[Round "?"]
[White "Hitter"]
[Black "Hossa"]
[Result "0-1"]
[WhiteElo "2001"]
[BlackElo "2217"]
[PlyCount "25"]
[EventDate "2000.??.??"]

1. e4 e5 2. f4 exf4 3. Nf3 g5 4. d4 g4 5. Bc4 gxf3 6. Qxf3 Qh4+ 7. g3 Qe7 8.
O-O Bg7 9. Bxf4 Bxd4+ 10. Kh1 Bxb2 11. c3 Bxa1 12. Bxc7 d5 13. Bxd5 0-1

[Event "ICS Rated blitz match"]
[Site "204.178.125.65"]
[Date "2000.07.27"]
[Round "?"]
[White "fog"]
[Black "Hossa"]
[Result "0-1"]
[WhiteElo "2402"]
[BlackElo "2560"]
[PlyCount "88"]
[EventDate "2000.??.??"]

1. d3 e5 2. e4 Nc6 3. g3 d5 4. Nd2 dxe4 5. dxe4 Nf6 6. Bg2 Be7 7. Ngf3 O-O 8.
O-O a6 9. Re1 Be6 10. h3 Qd7 11. Ng5 Rfd8 12. Nxe6 Qxe6 13. c3 Nd7 14. Qe2 Nc5
15. Nf1 Nd3 16. Rd1 Nxc1 17. Rdxc1 Bg5 18. Ne3 Bxe3 19. Qxe3 Rd7 20. b3 Rad8
21. Rc2 Rd1+ 22. Rxd1 Rxd1+ 23. Kh2 a5 24. Bf3 Ra1 25. Bg4 Qf6 26. Kg2 a4 27.
b4 a3 28. Qd3 g6 29. Qd5 Qd8 30. Be2 Qxd5 31. exd5 Ne7 32. Bc4 Nf5 33. Re2 Nd6
34. Bb3 f6 35. c4 Nf5 36. c5 Kf8 37. Rd2 Nd4 38. Bc4 Rb1 39. Bb3 Rb2 40. Rd3
Rxb3 41. axb3 a2 42. Rd1 Nxb3 43. d6 cxd6 44. cxd6 a1=Q {fog resigns} 0-1

[Event "ICS rated blitz match"]
[Site "204.178.125.65"]
[Date "2000.07.27"]
[Round "?"]
[White "Hossa"]
[Black "Varguz"]
[Result "0-1"]
[WhiteElo "2569"]
[BlackElo "2746"]
[PlyCount "154"]
[EventDate "2000.??.??"]

1. e4 e5 2. Nf3 Nc6 3. Bb5 a6 4. Bxc6 dxc6 5. d4 exd4 6. Qxd4 Qxd4 7. Nxd4 Bd7
8. Be3 O-O-O 9. Nd2 c5 10. N4f3 Be7 11. e5 b6 12. O-O-O Re8 13. Kb1 Bf5 14.
Rhg1 Rd8 15. h3 h6 16. Nc4 Re8 17. Bf4 Be6 18. Ne3 a5 19. Rd3 Rd8 20. Rgd1 c6
21. c4 Rxd3 22. Rxd3 a4 23. Kc1 b5 24. g4 g5 25. Bg3 h5 26. Rd1 Nh6 27. gxh5 g4
28. hxg4 Nxg4 29. Ng2 Rxh5 30. b3 axb3 31. axb3 bxc4 32. bxc4 Bxc4 33. Nf4 Rf5
34. Re1 Bd5 35. Nd2 Nxf2 36. Bxf2 Rxf4 37. Be3 Rf5 38. Bg1 Bh4 39. Re2 Bg3 40.
Bxc5 Bxe5 41. Re1 Kd7 42. Kd1 Bd6 43. Bb6 Rf4 44. Kc2 f5 45. Ra1 Rh4 46. Rg1 c5
47. Rg7+ Kc6 48. Rg6 Rh2 49. Bd8 Kd7 50. Ba5 Be5 51. Ra6 Be4+ 52. Kb3 Rh3+ 53.
Ka2 Bb7 54. Rg6 Bd5+ 55. Kb1 Ra3 56. Ra6 Bc7 57. Bxc7 Rxa6 58. Be5 Ra4 59. Kc2
f4 60. Kd1 f3 61. Ke1 Ra3 62. Bf4 c4 63. Kf2 c3 64. Nxf3 Bxf3 65. Ke3 c2+ 66.
Kd2 c1=Q+ 67. Kxc1 Ra2 68. Be5 Rg2 69. Bf4 Kc6 70. Be3 Kb5 71. Bf4 Ka4 72. Be3
Kb3 73. Bd2 Bg4 74. Bf4 Rc2+ 75. Kb1 Bf5 76. Be5 Rc3+ 77. Ka1 Rc1# {
Hossa checkmated} 0-1

[Event "ICS rated blitz match"]
[Site "204.178.125.65"]
[Date "2000.07.27"]
[Round "?"]
[White "Varguz"]
[Black "Hossa"]
[Result "1-0"]
[WhiteElo "2754"]
[BlackElo "2561"]
[PlyCount "139"]
[EventDate "2000.??.??"]

1. d4 Nf6 2. c4 g6 3. Nc3 d5 4. Nf3 Bg7 5. Bf4 O-O 6. e3 c6 7. Qb3 dxc4 8. Bxc4
Nbd7 9. Ng5 Qe8 10. O-O b5 11. Be2 e5 12. dxe5 Nxe5 13. a4 h6 14. Bxe5 Qxe5 15.
Nf3 Qe6 16. Qa3 bxa4 17. Nd4 Qd7 18. Nxc6 Qxc6 19. Bf3 Qe6 20. Bxa8 Ba6 21. Bf3
Bxf1 22. Rxf1 Rb8 23. Rd1 Qb3 24. Qxa4 Qxa4 25. Nxa4 Bf8 26. Kf1 Kg7 27. Ke2 g5
28. Rd4 Bb4 29. h4 gxh4 30. Rxh4 a5 31. Rc4 Rd8 32. Nc3 Rb8 33. Kd1 Bxc3 34.
bxc3 Rb2 35. Ra4 Rxf2 36. Rxa5 Kh7 37. c4 Kg7 38. c5 Ne8 39. c6 Nc7 40. Ra7 Nb5
41. Rb7 Nd6 42. Rd7 Nc4 43. c7 Nxe3+ 44. Ke1 Rc2 45. Be4 Rc5 46. Bb7 Rc2 47. g3
Nf5 48. Be4 Rxc7 49. Rxc7 Nxg3 50. Bd3 Kf6 51. Rc6+ Kg7 52. Rc5 f5 53. Kf2 Nh5
54. Bxf5 Nf6 55. Rc7+ Kf8 56. Be6 Ne4+ 57. Ke3 Nd6 58. Rh7 Nb5 59. Ke4 Nc3+ 60.
Ke5 Ke8 61. Rxh6 Kd8 62. Rh8+ Ke7 63. Rg8 Nb5 64. Rc8 Nd4 65. Rc7+ Kd8 66. Rd7+
Ke8 67. Rxd4 Kf8 68. Rd7 Ke8 69. Kf6 Kf8 70. Rd8# {Hossa checkmated} 1-0

[Event "ICS rated blitz match"]
[Site "204.178.125.65"]
[Date "2000.07.28"]
[Round "?"]
[White "QueenMaxima"]
[Black "Hossa"]
[Result "1-0"]
[WhiteElo "2525"]
[BlackElo "2553"]
[PlyCount "91"]
[EventDate "2000.??.??"]

1. d4 d5 2. c4 e6 3. Nc3 Nf6 4. cxd5 exd5 5. Bg5 Be7 6. Nf3 O-O 7. e3 h6 8. Bh4
Re8 9. Rc1 c6 10. Bd3 Nbd7 11. O-O Nb6 12. Qc2 Kh8 13. Ne5 Rf8 14. h3 Rb8 15.
Bg3 Bd6 16. Rfd1 Qe7 17. Ne2 Be6 18. Nf4 Bxe5 19. dxe5 Nfd7 20. Nxe6 fxe6 21.
a4 Qb4 22. b3 Nc8 23. Be2 Ne7 24. e4 Rf7 25. Bh5 g6 26. exd5 cxd5 27. Bxg6 Rg7
28. Bd3 Nc6 29. Qe2 Rxg3 30. fxg3 Qd4+ 31. Kh2 Qxe5 32. Qd2 Qg7 33. g4 Rf8 34.
a5 Nd4 35. Rc7 Nxb3 36. Qb4 Qe5+ 37. Kh1 Qxc7 38. Qe7 Rf5 39. gxf5 Qc3 40. Qe8+
Kg7 41. fxe6 Ne5 42. Qe7+ Kg8 43. Rf1 Ng6 44. Qe8+ Kh7 45. Qxg6+ Kh8 46. Rf8# {
Hossa checkmated} 1-0

[Event "ICS rated blitz match"]
[Site "204.178.125.65"]
[Date "2000.07.28"]
[Round "?"]
[White "Hossa"]
[Black "PostModernist"]
[Result "0-1"]
[WhiteElo "2536"]
[BlackElo "2697"]
[PlyCount "122"]
[EventDate "2000.??.??"]

1. d4 Nf6 2. c4 c5 3. d5 g6 4. Nf3 d6 5. g3 Bg4 6. Bg2 Bg7 7. Nbd2 O-O 8. O-O
Qd7 9. Kh1 Na6 10. Ng1 Qc7 11. Ngf3 b6 12. Rg1 Bf5 13. Nh4 Qd7 14. Nxf5 Qxf5
15. Rf1 Ng4 16. Ne4 Qh5 17. h3 Nc7 18. f3 Nh6 19. g4 Qe5 20. Qc2 b5 21. Rd1 g5
22. Nxg5 f5 23. f4 Qf6 24. Kg1 bxc4 25. Nxh7 Kxh7 26. g5 Qg6 27. gxh6 Bxh6 28.
e3 Rg8 29. Kh1 Rg7 30. Rg1 Nxd5 31. Qxc4 Nf6 32. Bd2 Qg3 33. Qe6 Ng4 34. Qxf5+
Kh8 35. Qxg4 Rxg4 36. Be1 Qxe3 37. hxg4 Rg8 38. Rf1 Rxg4 39. Rf3 Qe2 40. Rf2
Qc4 41. Bc3+ Bg7 42. Bxg7+ Kxg7 43. Re1 Kf6 44. Bc6 Qxa2 45. Be4 Qb3 46. Rh2 d5
47. Bg2 Qg3 48. Rd1 d4 49. Ra1 d3 50. Be4 d2 51. Rh6+ Kg7 52. Rh7+ Kg8 53. Rh5
Qe1+ 54. Kh2 Qxa1 55. Kh3 Qf1+ 56. Kxg4 d1=Q+ 57. Kf5 Qxh5+ 58. Ke6 Qa6+ 59.
Kxe7 Qf7+ 60. Kd8 Qb6+ 61. Kc8 Qfe6# {Hossa checkmated} 0-1